000 01200npm a2200169 4500
003 OSt
005 20250405155511.0
008 250312b |||||||| |||| 00| 0 fre d
040 _cautismepaimpol.fr
245 _aKit des émotions
246 _aComprendre ses émotions et celles des autres
260 _bWebber
500 _aAider les enfants comme les adultes ayant des difficultés à comprendre leurs propres émotions (et celles des autres) à décrire leurs sentiments et mieux contrôler leurs interactions avec les autres. Les cartes sont toutes organisées en paires.
520 _aLes photos couleurs représentent des personnes de tout âge et ethnie sur fond bleu uni, ce qui permet de se focaliser exclusivement sur les expressions du visage. Elles sont le point de départ pour explorer les émotions. Les illustrations en noir et blanc sont plus abstraites et permettent de généraliser les concepts spécifiques vus avec les photos. Livré avec livret pédagogique et 4 miroirs pour découvrir, comparer et explorer ses propres expressions faciales.
562 _d264 cartes : 204 cartes de photo couleurs et 60 cartes d'illustrations en noir et blanc.
942 _cCARTPHOTO
999 _c150
_d150